FF: Fenomén Ferko

Bibliographic Details
Main Author: Števček, Pavol, 1932-2003 (Author)
Format: Article
Language:Slovak
PhysicalDescription:Fotogr.
ISBN:8088738768
Subjects:

MARC

LEADER 00000naa a2200000 ar4500
001 vtls009461103
003 SK-MaSNL
005 20260302141150.0
008 090114c1995 xo |r||||||||||00 b|slo
015 |a SNBRA2009/01  |2 snkbucl 
038 |a SNKBUCL 
040 |a SNKBUCL  |b slo  |e AACR2  |c SNKBUCL 
041 0 |a slo 
044 |a xo  |c SK 
080 |a 82.09:821.162.4  |2 2001 
080 |a 821.162.4:929  |2 2001 
080 |a 82-051  |2 2001 
080 |a 929 Ferko, Milan  |2 2001 
080 |a 82:929:821.162.4  |2 2001 
100 1 |a Števček, Pavol,  |d 1932-2003  |4 aut  |9 103687 
245 1 0 |a FF: Fenomén Ferko  |c Pavol Števček 
300 |b Fotogr. 
600 1 7 |a Ferko, Milan,  |d 1929-2010  |2 snkbucl  |9 134529 
650 0 7 |a literárna tvorba  |2 snkbucl  |9 4226 
655 7 |a analýzy  |2 snkbucl  |9 22242 
773 0 |t Život a dielo Milana Ferka  |d Bratislava : Spolok slovenských spisovateľov ; Nitra : Fakulta humanitných vied VŠPg, 1995  |g S. 13-21  |z 8088738768 
852 |a SNK  |b KIS3GCP 
958 |a BX 
958 |a LX 
999 |c 1334704  |d 1336634